All Pinochio characters by screen time - Statistics

General Stats
  • This quiz has been taken 4 times
  • The average score is 7 of 12
Answer Stats
% Of Movie Screen Time Answer % Correct
21.89 19:10 Geppetto
100%
39.29 34:24 Pinochio
100%
2.70 2:22 Blue Fairy
75%
31.91 27:56 Jiminy Cricket
75%
3.64 3:11 Coachman
50%
11.36 9:57 Honest John
50%
3.85 3:22 Lampwick
50%
10.09 8:50 Monstro
50%
4.48 4:14 Stromboli
50%
4.02 3:31 Cleo
25%
13.15 11:31 Figaro
25%
6.24 5:28 Gideon
25%
No matching quizzes found
Score Distribution
Percent of People with Each Score
Percentile by Number Answered
Your Score History
You have not taken this quiz